Environmental Biotechnology: Basic concepts and applications (Record no. 157728)
[ view plain ]
| 000 -LEADER | |
|---|---|
| fixed length control field | 00439nam a2200157Ia 4500 |
| 008 - FIXED-LENGTH DATA ELEMENTS--GENERAL INFORMATION | |
| fixed length control field | 230917s9999||||xx |||||||||||||| ||und|| |
| 040 ## - CATALOGING SOURCE | |
| -- | 202144 |
| Original cataloging agency | VIVEKANANDA LIBRARY |
| 041 ## - Language | |
| -- | English |
| 082 ## - DDC NUMBER | |
| Classification number | 660.60243637 T326E(2) |
| 100 ## - MAIN ENTRY--PERSONAL NAME | |
| Personal name | Thakur, Indu Shekhar |
| 245 #0 - TITLE STATEMENT | |
| Title | Environmental Biotechnology: Basic concepts and applications |
| 250 ## - EDITION STATEMENT | |
| Edition statement | 2nd ed. |
| 260 ## - PUBLICATION, DISTRIBUTION, ETC. (IMPRINT) | |
| Place of publication, distribution, etc | New Delhi |
| Name of publisher, distributor, etc | I K International |
| Date of publication, distribution, etc | 2011 |
| 300 ## - PHYSICAL DESCRIPTION | |
| Pages | xviii, 516 p. |
| 942 ## - ADDED ENTRY ELEMENTS (KOHA) | |
| Koha item type | Books |
| Withdrawn status | Lost status | Damaged status | Not for loan | Location (home branch) | Sublocation or collection (holding branch) | Shelving location | Date acquired | Koha issues (times borrowed) | Koha full call number | Accession No. | Koha date last seen | Koha item type |
|---|---|---|---|---|---|---|---|---|---|---|---|---|
| VIVEKANANDA LIBRARY | VIVEKANANDA LIBRARY | UIET Library | 30/08/2012 | 660.60243637 T326E(2) | 288570 | 17/09/2023 | Books | |||||
| VIVEKANANDA LIBRARY | VIVEKANANDA LIBRARY | UIET Library | 30/08/2012 | 660.60243637 T326E(2) | 288571 | 17/09/2023 | Books | |||||
| VIVEKANANDA LIBRARY | VIVEKANANDA LIBRARY | UIET Library | 30/08/2012 | 660.60243637 T326E(2) | 288572 | 17/09/2023 | Books | |||||
| VIVEKANANDA LIBRARY | VIVEKANANDA LIBRARY | UIET Library | 30/08/2012 | 660.60243637 T326E(2) | 288573 | 17/09/2023 | Books | |||||
| VIVEKANANDA LIBRARY | VIVEKANANDA LIBRARY | UIET Library | 30/08/2012 | 660.60243637 T326E(2) | 288574 | 17/09/2023 | Books | |||||
| VIVEKANANDA LIBRARY | VIVEKANANDA LIBRARY | UIET Library | 30/08/2012 | 660.60243637 T326E(2) | 288575 | 17/09/2023 | Books | |||||
| VIVEKANANDA LIBRARY | VIVEKANANDA LIBRARY | UIET Library | 30/08/2012 | 660.60243637 T326E(2) | 288576 | 17/09/2023 | Books | |||||
| VIVEKANANDA LIBRARY | VIVEKANANDA LIBRARY | UIET Library | 30/08/2012 | 660.60243637 T326E(2) | 288577 | 17/09/2023 | Books | |||||
| VIVEKANANDA LIBRARY | VIVEKANANDA LIBRARY | UIET Library | 30/08/2012 | 660.60243637 T326E(2) | 288578 | 17/09/2023 | Books | |||||
| VIVEKANANDA LIBRARY | VIVEKANANDA LIBRARY | UIET Library | 30/08/2012 | 660.60243637 T326E(2) | 288579 | 17/09/2023 | Books | |||||
| VIVEKANANDA LIBRARY | VIVEKANANDA LIBRARY | 30/08/2012 | 4 | 660.60243637 T326E(2) | 292714 | 15/06/2024 | Books | |||||
| VIVEKANANDA LIBRARY | VIVEKANANDA LIBRARY | 30/08/2012 | 2 | 660.60243637 T326E(2) | 292715 | 19/03/2026 | Books | |||||
| VIVEKANANDA LIBRARY | VIVEKANANDA LIBRARY | 30/08/2012 | 5 | 660.60243637 T326E(2) | 292716 | 01/06/2024 | Books | |||||
| VIVEKANANDA LIBRARY | VIVEKANANDA LIBRARY | 30/08/2012 | 1 | 660.60243637 T326E(2) | 292717 | 13/03/2024 | Books |
